| 000 | 00713nam a2200217 a 4500 | ||
|---|---|---|---|
| 005 | 20240924071441.0 | ||
| 008 | 991125s1992 ag 000 0 spa u | ||
| 020 | _a950755033X | ||
| 035 | _aUPN01000042997 | ||
| 049 | _aF | ||
| 050 | 4 |
_aLB1715 _bL55 no.8 |
|
| 100 | 1 |
_aMartínez de Pérez, Norma _929156 |
|
| 245 | 1 | 0 |
_aOrientación vocacional ocupacional en el nivel medio / _cNorma Martínez de Pérez, Rosario Brúcoli. |
| 260 |
_aArgentina : _bBraga, _c1992. |
||
| 300 | _a19 p. | ||
| 440 | 0 |
_aLineamientos. _pCuadernos de orientación educativa ; _v8 |
|
| 650 | 4 |
_aOrientación vocacional _95 |
|
| 650 | 4 |
_aMaestros _xFormación profesional _9804 |
|
| 700 | 1 |
_aBrúcoli, Rosario, _ecoaut. |
|
| 905 | _aLibro | ||
| 999 |
_c42997 _d42997 |
||